[Event "OLNW 2122 SK Union Oldenburg - SF Hanno"]
[Site "?"]
[Date "2022.05.01"]
[Round "9.5"]
[White "Ploog, Martin"]
[Black "Wagner, Jan"]
[Result "0-1"]
[WhiteElo "2049"]
[BlackElo "2179"]
[PlyCount "86"]
[EventDate "2022.??.??"]

1. e4 g6 2. d4 Bg7 3. Nf3 d6 4. Be3 Nf6 5. Nc3 c6 6. Qd2 Qa5 7. h3 Nbd7 8. Bd3
e5 9. O-O O-O 10. dxe5 dxe5 11. Nd5 Qxd2 12. Nxf6+ Bxf6 13. Nxd2 Be7 14. Rfd1
Nc5 15. Nc4 f6 16. Na5 Nxd3 17. Rxd3 Bb4 18. Bd2 Bxa5 19. Bxa5 Be6 20. Bb4 Rfd8
21. Rxd8+ Rxd8 22. Be7 Rd4 23. Bxf6 Rxe4 24. b3 Kf7 25. Bg5 Re2 26. c4 Bf5 27.
Be3 a6 28. b4 Bd3 29. c5 Ke6 30. Rd1 e4 31. Rd2 Re1+ 32. Kh2 Kd5 33. Rb2 Kc4
34. Bg5 Rb1 35. Rxb1 Bxb1 36. a3 a5 37. Bd2 a4 38. Kg3 Kb3 39. Kf4 Kxa3 40. Ke3
Kb2 41. Kd4 Ka3 42. Ke3 Kb2 43. Kd4 Bd3 0-1

[Event "OLNW 2122 SK Union Oldenburg - SF Hanno"]
[Site "?"]
[Date "2022.05.01"]
[Round "9.6"]
[White "Schuette, Marc"]
[Black "Koelle, Arthur"]
[Result "1/2-1/2"]
[WhiteElo "2101"]
[BlackElo "2165"]
[PlyCount "90"]
[EventDate "2022.??.??"]

1. b3 c5 2. Bb2 Nc6 3. g3 Nf6 4. Bg2 d5 5. Nf3 e6 6. d3 Be7 7. Nbd2 O-O 8. O-O
Qc7 9. h3 Rd8 10. Kh2 e5 11. e3 b5 12. Qe2 Rb8 13. c3 h6 14. e4 dxe4 15. dxe4
Be6 16. Rfd1 Bf8 17. Nf1 c4 18. b4 a5 19. a3 Ra8 20. Nh4 Rxd1 21. Qxd1 Rd8 22.
Qc2 Qd7 23. Nf5 Qa7 24. N5e3 Rd3 25. a4 Qb6 26. axb5 Qxb5 27. bxa5 Nxa5 28. Bf3
Nb3 29. Rd1 Nc5 30. Ba3 Nfxe4 31. Rb1 Qa5 32. Bb4 Qc7 33. Be2 Rd8 34. Bxc4 Bxc4
35. Nxc4 Ng5 36. Qe2 Qd7 37. h4 Qh3+ 38. Kg1 Qf5 39. Nfd2 Nce4 40. Nxe4 Nxe4
41. Ba5 Nxc3 42. Qf1 Nxb1 43. Bxd8 Nc3 44. Qe1 Ne4 45. Bb6 g5 1/2-1/2

[Event "OLNW 2122 SK Union Oldenburg - SF Hanno"]
[Site "?"]
[Date "2022.05.01"]
[Round "9.7"]
[White "Witthaus, Joerg"]
[Black "Heinemann, Ernst"]
[Result "1-0"]
[WhiteElo "2014"]
[BlackElo "2123"]
[PlyCount "67"]
[EventDate "2022.??.??"]

1. d4 Nf6 2. Nf3 c5 3. d5 b5 4. c4 Bb7 5. Nc3 b4 6. Na4 d6 7. Qc2 g6 8. e4 Nbd7
9. b3 Bg7 10. Bb2 O-O 11. Be2 e5 12. O-O Nb6 13. Nxb6 Qxb6 14. Rae1 Bc8 15. Nd2
a5 16. f4 exf4 17. Rxf4 Ne8 18. Bxg7 Nxg7 19. Bd3 Bd7 20. e5 dxe5 21. Rxe5 Rae8
22. Rxe8 Rxe8 23. Re4 Rxe4 24. Nxe4 f5 25. Ng5 Qf6 26. Nf3 Nh5 27. Qd2 Qa1+ 28.
Bf1 Nf6 29. Qf4 Qxa2 30. Qb8+ Kg7 31. Qe5 g5 32. Qe7+ Kg6 33. Ne5+ Kh5 34. Qf7+
1-0

[Event "OLNW 2122 SVG Salzgitter - SK Lehrte"]
[Site "?"]
[Date "2022.05.01"]
[Round "9.1"]
[White "Schirm, Friedmar"]
[Black "Riemay, David"]
[Result "1/2-1/2"]
[WhiteElo "2252"]
[BlackElo "2167"]
[PlyCount "79"]
[EventDate "2022.??.??"]

1. c4 e6 2. Nf3 d5 3. g3 Nf6 4. Bg2 Be7 5. O-O O-O 6. b3 d4 7. e3 c5 8. exd4
cxd4 9. d3 Nc6 10. Re1 Re8 11. a3 a5 12. Bg5 Nd7 13. Bxe7 Qxe7 14. Nbd2 Nc5 15.
Ne4 Nxe4 16. Rxe4 e5 17. Nxe5 Nxe5 18. f4 f6 19. fxe5 fxe5 20. Qd2 Bf5 21. Ree1
h6 22. Be4 Rf8 23. Qb2 Rae8 24. b4 Bxe4 25. Rxe4 axb4 26. axb4 Rf3 27. Qe2 Ref8
28. Rxe5 Qxb4 29. Re8 Rxe8 30. Qxe8+ Rf8 31. Qe2 b5 32. cxb5 Qxb5 33. Re1 Kh8
34. Qe4 Qb2 35. Rf1 Rxf1+ 36. Kxf1 Qxh2 37. Qe8+ Kh7 38. Qe4+ Kh8 39. Qe8+ Kh7
40. Qe4+ {(=)} 1/2-1/2

[Event "OLNW 2122 SVG Salzgitter - SK Lehrte"]
[Site "?"]
[Date "2022.05.01"]
[Round "9.2"]
[White "Cevik, Dietmar"]
[Black "Hartogh, Christian"]
[Result "1-0"]
[WhiteElo "2197"]
[BlackElo "2124"]
[PlyCount "113"]
[EventDate "2022.??.??"]

1. Nf3 c5 2. c4 Nf6 3. e3 Nc6 4. Be2 d5 5. cxd5 Nxd5 6. O-O e6 7. Nc3 Be7 8. d4
cxd4 9. exd4 O-O 10. a3 a6 11. Re1 Nxc3 12. bxc3 b5 13. Bd3 Bb7 14. Qc2 h6 15.
Bh7+ Kh8 16. Be4 Rc8 17. Bf4 Bf6 18. Qd2 h5 19. a4 Ba8 20. axb5 Na5 21. Qa2
Bxe4 22. Rxe4 Qd5 23. Qxd5 exd5 24. Re3 Nc4 25. bxa6 Nxe3 26. fxe3 Rxc3 27. a7
Ra8 28. Kf2 Bd8 29. Bb8 f6 30. Rb1 Rc6 31. Rb7 Ra6 32. Nh4 Bb6 33. Ng6+ Kh7 34.
Nf4 Bxa7 35. Bc7 Ra4 36. Kf3 Bxd4 37. exd4 Rxd4 38. Bd6 Kh6 39. Ne6 Rc4 40.
Nxg7 Rc3+ 41. Kf4 Rc4+ 42. Kf5 Ra6 43. Bf8 Kh7 44. Nxh5+ Kg8 45. Be7 Rc2 46. g4
Rxh2 47. Nxf6+ Kh8 48. Kg6 Ra8 49. Bd6 Rh1 50. Be5 d4 51. Nd7+ Kg8 52. Bg7 Rf1
53. Nf6+ Rxf6+ 54. Bxf6 Rf8 55. Rg7+ Kh8 56. Rh7+ Kg8 57. Rh8# 1-0

[Event "OLNW 2122 SVG Salzgitter - SK Lehrte"]
[Site "?"]
[Date "2022.05.01"]
[Round "9.3"]
[White "Schruefer, Guenther"]
[Black "Lau, Udo"]
[Result "1-0"]
[WhiteElo "2177"]
[BlackElo "2138"]
[PlyCount "92"]
[EventDate "2022.??.??"]

1. e4 c6 2. d4 d5 3. exd5 cxd5 4. Bd3 Nf6 5. c3 a6 6. h3 Nc6 7. Bf4 e6 8. Nf3
Be7 9. O-O h6 10. Nbd2 Bd7 11. Ne5 Nxe5 12. dxe5 Nh7 13. Be3 Qc7 14. f4 Nf8 15.
Bd4 g6 16. b4 Bc6 17. a4 b6 18. Qe2 Bb7 19. Qe3 Nd7 20. Rfc1 Qd8 21. Kh1 h5 22.
Nf3 h4 23. Rg1 Qc7 24. Qe1 Rc8 25. Rc1 Kf8 26. Bf2 Qd8 27. Nd4 Kg8 28. Qe2 Ra8
29. Qg4 Nf8 30. f5 exf5 31. Bxf5 Rh5 32. e6 Rg5 33. exf7+ Kxf7 34. Be6+ Kg7 35.
Qf4 Rh5 36. Qf7+ Kh6 37. Bg4 Rb8 38. Bxh5 Kxh5 39. Rce1 Bg5 40. Re5 Kh6 41. Nf3
d4 42. Bxd4 Nh7 43. Re6 Qg8 44. Nxg5 Nxg5 45. Qxg8 Rxg8 46. Rxb6 Be4 1-0

[Event "OLNW 2122 SVG Salzgitter - SK Lehrte"]
[Site "?"]
[Date "2022.05.01"]
[Round "9.4"]
[White "Nielsen, Lars"]
[Black "Zschischang, Marine"]
[Result "1-0"]
[WhiteElo "2055"]
[BlackElo "2062"]
[PlyCount "120"]
[EventDate "2022.??.??"]

1. e4 e6 2. d4 d5 3. exd5 exd5 4. Bd3 Nf6 5. h3 Bd6 6. Qf3 c6 7. Bg5 Nbd7 8.
Nd2 Qb6 9. Ne2 O-O 10. O-O a5 11. c4 dxc4 12. Nxc4 Qc7 13. Nc3 h6 14. Bd2 b5
15. Nxd6 Qxd6 16. Nxb5 cxb5 17. Qxa8 Qxd4 18. Rac1 Qxd3 19. Bxa5 Nb6 20. Bxb6
Bxh3 21. Qa3 Qxa3 22. bxa3 Be6 23. Rfd1 Bxa2 24. Rc5 Bb3 25. Rd3 Ba4 26. Rd8
Ne4 27. Rcc8 Rxd8 28. Rxd8+ Kh7 29. Bd4 Ng5 30. Rb8 Ne6 31. Be3 Kg6 32. Kf1 Bb3
33. Ke1 Bc4 34. Kd2 Kf5 35. Rc8 Bf1 36. g3 h5 37. f3 g5 38. Rc1 Bg2 39. Rb1
Bxf3 40. Rxb5+ Kg4 41. Bf2 f5 42. Rb6 Nc7 43. a4 Be4 44. Ke2 Nd5 45. Rb3 h4 46.
gxh4 gxh4 47. a5 Nc7 48. Bg1 Na6 49. Ra3 Bc6 50. Rb3 f4 51. Rb6 Bd5 52. Kd3 Bg2
53. Rg6+ Kf3 54. Bh2 Nc5+ 55. Kc4 Na6 56. Rf6 Bf1+ 57. Kd4 Kg2 58. Bxf4 h3 59.
Ke3 Bb5 60. Rg6+ Kh1 1-0

[Event "OLNW 2122 SVG Salzgitter - SK Lehrte"]
[Site "?"]
[Date "2022.05.01"]
[Round "9.6"]
[White "Othmer, Michael"]
[Black "Beduerftig, Heinrich"]
[Result "1/2-1/2"]
[WhiteElo "1972"]
[BlackElo "2145"]
[PlyCount "38"]
[EventDate "2022.??.??"]

1. e4 c5 2. Nf3 Nc6 3. d4 cxd4 4. Nxd4 g6 5. c4 Bg7 6. Be3 Nf6 7. Nc3 O-O 8.
Be2 d6 9. O-O Bd7 10. f4 Nxd4 11. Bxd4 Bc6 12. Bf3 Nd7 13. Bxg7 Kxg7 14. Qe2
Rc8 15. Rad1 Qc7 16. b3 Qa5 17. Nd5 Bxd5 18. Rxd5 Qc7 19. Re1 Nf6 {(=)} 1/2-1/2

[Event "OLNW 2122 SVG Salzgitter - SK Lehrte"]
[Site "?"]
[Date "2022.05.01"]
[Round "9.7"]
[White "Kohlmann, Arndt"]
[Black "Hesse, Juergen"]
[Result "0-1"]
[WhiteElo "2024"]
[BlackElo "1864"]
[PlyCount "64"]
[EventDate "2022.??.??"]

1. e4 e5 2. Nf3 Nc6 3. Bc4 Nf6 4. Ng5 d5 5. exd5 b5 6. Bf1 Qxd5 7. Nc3 Qd7 8.
Bxb5 h6 9. Nf3 Bd6 10. O-O O-O 11. d3 Bb7 12. Re1 Qf5 13. Ne4 Nxe4 14. dxe4 Qh5
15. h3 Kh8 16. c3 Nd8 17. Bc4 f5 18. Nxe5 Qe8 19. Nf3 fxe4 20. Bd5 Qg6 21. Rxe4
Qf5 22. Bxb7 Nxb7 23. Re1 Nc5 24. Be3 Nd3 25. Re2 Ne5 26. Nxe5 Qxe5 27. f4 Rxf4
28. Bxf4 Qxf4 29. g4 Qg3+ 30. Rg2 Qe3+ 31. Kh1 Qxh3+ 32. Kg1 Bc5+ 0-1

[Event "OLNW 2122 SVG Salzgitter - SK Lehrte"]
[Site "?"]
[Date "2022.05.01"]
[Round "9.8"]
[White "Koschetzki, Christian"]
[Black "Dornieden, Jonas"]
[Result "1/2-1/2"]
[WhiteElo "1953"]
[BlackElo "2072"]
[PlyCount "57"]
[EventDate "2022.??.??"]

1. c4 c6 2. d4 d5 3. e3 Nf6 4. Nf3 Bf5 5. Nc3 e6 6. Bd3 Bxd3 7. Qxd3 Nbd7 8.
O-O Be7 9. e4 dxe4 10. Nxe4 Nxe4 11. Qxe4 Nf6 12. Qe2 O-O 13. Bf4 Qa5 14. Rfd1
Qf5 15. Be3 Rfd8 16. h3 h6 17. Qd3 Ne4 18. Nd2 Nd6 19. Qxf5 Nxf5 20. Nf3 Bf6
21. Kf1 Rd7 22. Rd2 Rad8 23. Rad1 Kf8 24. b3 Ke7 25. Ke2 Nh4 26. Nxh4 Bxh4 27.
Rd3 a6 28. Bf4 Bf6 29. Be5 {(=)} 1/2-1/2

[Event "OLNW 2122 Delmenhorster SK - SK Nordhor"]
[Site "?"]
[Date "2022.05.01"]
[Round "9.1"]
[White "Kroeze, Frank"]
[Black "Hoeffer, David"]
[Result "1/2-1/2"]
[WhiteElo "2386"]
[BlackElo "2313"]
[PlyCount "107"]
[EventDate "2022.??.??"]
[EventType "team"]
[WhiteTeam "Nordhorn"]
[BlackTeam "Delmenhorst"]

1. e4 c5 2. Nf3 d6 3. d4 Nf6 4. Nc3 cxd4 5. Nxd4 Nc6 6. h3 e5 7. Nde2 Be6 8.
Be3 d5 9. exd5 Nxd5 10. Nxd5 Bxd5 11. a3 Be7 12. Nc3 Be6 13. Qxd8+ Bxd8 14.
O-O-O O-O 15. f4 Bh4 16. g4 exf4 17. Bxf4 Rad8 18. Bg2 f5 19. gxf5 Rxf5 20. Be3
Bg5 21. Rxd8+ Nxd8 22. Re1 Re5 23. Kd2 Rxe3 24. Rxe3 Kf7 25. Ne4 Bxe3+ 26. Kxe3
Ke7 27. Nc5 Bf5 28. c4 g5 29. b4 b6 30. Ne4 Ne6 31. Bf1 h6 32. Nc3 Kf6 33. Nb5
a6 34. Nd4 h5 35. Nxe6 Kxe6 36. Kd4 a5 37. bxa5 bxa5 38. Bg2 Kd6 39. c5+ Kc7
40. Ke5 Bd7 41. Kf6 g4 42. hxg4 hxg4 43. Kg5 Bc6 44. Bxc6 Kxc6 45. Kxg4 Kxc5
46. Kf3 Kc4 47. Ke2 Kb3 48. Kd2 Kxa3 49. Kc1 Ka2 50. Kc2 a4 51. Kc1 Ka1 52. Kc2
a3 53. Kc1 a2 54. Kc2 1/2-1/2

[Event "OLNW 2122 Delmenhorster SK - SK Nordhor"]
[Site "?"]
[Date "2022.05.01"]
[Round "9.4"]
[White "Pahl, Erik"]
[Black "Oehne, Timo"]
[Result "0-1"]
[WhiteElo "2162"]
[BlackElo "2100"]
[PlyCount "56"]
[EventDate "2022.??.??"]
[EventType "team"]
[WhiteTeam "Delmenhorst"]
[BlackTeam "Nordhorn"]

1. e4 c5 2. c4 Nc6 3. Ne2 e5 4. Nbc3 d6 5. g3 Bg4 6. Bg2 Qd7 7. h3 Bh5 8. d3
Nd4 9. O-O Nxe2+ 10. Nxe2 Bxe2 11. Qxe2 Ne7 12. Be3 Nc6 13. Bf3 h5 14. Kg2 g6
15. Qd2 Bg7 16. Bd1 f5 17. exf5 gxf5 18. Bf3 O-O-O 19. Bg5 Rdf8 20. h4 Nd4 21.
Bd5 f4 22. b4 Bh6 23. Bxh6 Rxh6 24. Qd1 f3+ 25. Kh2 Rg6 26. bxc5 Rf4 27. Rg1
Rgg4 28. Kh3 Rxh4# 0-1

[Event "OLNW 2122 Delmenhorster SK - SK Nordhor"]
[Site "?"]
[Date "2022.05.01"]
[Round "9.5"]
[White "Schulz, Jens"]
[Black "Margraf, Daniel"]
[Result "0-1"]
[WhiteElo "2166"]
[BlackElo "2241"]
[PlyCount "56"]
[EventDate "2022.??.??"]
[EventType "team"]
[WhiteTeam "Nordhorn"]
[BlackTeam "Delmenhorst"]

1. d4 Nf6 2. Nf3 d5 3. g3 Bf5 4. Bg2 e6 5. O-O Be7 6. b3 O-O 7. Bb2 Nbd7 8. c4
c6 9. Nbd2 Ne4 10. Nxe4 Bxe4 11. Nd2 Bxg2 12. Kxg2 f5 13. e3 Nf6 14. f3 Qe8 15.
Bc3 Qh5 16. h3 Qg6 17. f4 b5 18. Ba5 bxc4 19. bxc4 Rab8 20. Qc2 c5 21. Rab1
cxd4 22. exd4 dxc4 23. Rxb8 Rxb8 24. Qxc4 Nd5 25. Kh2 Ne3 26. Qc7 Nxf1+ 27.
Nxf1 Rb2+ 28. Kg1 Qe8 0-1

[Event "OLNW 2122 Delmenhorster SK - SK Nordhor"]
[Site "?"]
[Date "2022.05.01"]
[Round "9.6"]
[White "Sturm, Tobias"]
[Black "Bierenbroodspot, Paul"]
[Result "0-1"]
[WhiteElo "1998"]
[BlackElo "2078"]
[PlyCount "68"]
[EventDate "2022.??.??"]
[EventType "team"]
[WhiteTeam "Delmenhorst"]
[BlackTeam "Nordhorn"]

1. e4 e5 2. Nf3 Nc6 3. Bb5 a6 4. Bxc6 dxc6 5. d4 exd4 6. Qxd4 Qxd4 7. Nxd4 c5
8. Nb3 b6 9. Bf4 Bd6 10. Bxd6 cxd6 11. Nc3 Nf6 12. O-O-O Ke7 13. f3 h5 14. a4
Be6 15. Nd2 Rab8 16. Rhe1 Rhd8 17. Nd5+ Bxd5 18. exd5+ Kf8 19. Ne4 Nxe4 20.
Rxe4 Re8 21. Rde1 b5 22. axb5 axb5 23. Kd2 Rxe4 24. Rxe4 Ra8 25. Rh4 g6 26. g4
Ra4 27. c3 Kg7 28. b3 Ra2+ 29. Ke3 hxg4 30. fxg4 Rb2 31. Kd3 Rxb3 32. Kc2 Ra3
33. Kb2 Ra4 34. h3 Re4 0-1

[Event "OLNW 2122 Delmenhorster SK - SK Nordhor"]
[Site "?"]
[Date "2022.05.01"]
[Round "9.7"]
[White "Hoellmann, Ludger"]
[Black "Meyer, Thorsten"]
[Result "0-1"]
[WhiteElo "2111"]
[BlackElo "1982"]
[PlyCount "94"]
[EventDate "2022.??.??"]
[EventType "team"]
[WhiteTeam "Nordhorn"]
[BlackTeam "Delmenhorst"]

1. d4 Nf6 2. Nf3 d6 3. g3 g6 4. Bg2 Bg7 5. O-O O-O 6. b3 Nbd7 7. Bb2 Re8 8. c4
c6 9. Re1 d5 10. Nc3 Nf8 11. cxd5 cxd5 12. Rc1 a6 13. Ne5 Bh6 14. e3 Be6 15. b4
Qd6 16. Qb3 Ne4 17. Na4 f6 18. Nf3 b5 19. Nc5 Bf7 20. a4 Reb8 21. axb5 axb5 22.
Ra1 Qc6 23. Rec1 Rxa1 24. Rxa1 Ra8 25. Rxa8 Qxa8 26. Bf1 Nd6 27. Nd2 Nc4 28.
Bc3 Be8 29. Bg2 Bc6 30. Qc2 Kf7 31. h4 Ne6 32. h5 Ng7 33. hxg6+ hxg6 34. Bh3 f5
35. Nf3 e6 36. Bf1 g5 37. Ne5+ Nxe5 38. dxe5 g4 39. Bd4 Ne8 40. Nb3 Bf8 41. Bc5
Bg7 42. Bd4 Bf8 43. Na5 Bd7 44. Qc3 Qa6 45. Bd3 Qc8 46. Bc5 Qc7 47. Qb2 Bxc5
0-1

[Event "OLNW 2122 Delmenhorster SK - SK Nordhor"]
[Site "?"]
[Date "2022.05.01"]
[Round "9.8"]
[White "Monnerjahn, Lukas"]
[Black "Rudi, Jonathan"]
[Result "1-0"]
[WhiteElo "1742"]
[BlackElo "1757"]
[PlyCount "77"]
[EventDate "2022.??.??"]
[EventType "team"]
[WhiteTeam "Delmenhorst"]
[BlackTeam "Nordhorn"]

1. e4 c5 2. Nf3 Nc6 3. d4 cxd4 4. Nxd4 Nf6 5. Nc3 e5 6. Ndb5 d6 7. Bg5 a6 8.
Na3 b5 9. Nd5 Be7 10. Bxf6 Bxf6 11. c3 O-O 12. Nc2 Bg5 13. Be2 f5 14. exf5 Bxf5
15. Nce3 Be6 16. Bf3 Ra7 17. O-O Raf7 18. Be4 Ne7 19. Qd3 g6 20. a4 bxa4 21.
Rxa4 Bxe3 22. Nxe3 d5 23. Rd1 Qe8 24. Rxa6 dxe4 25. Qxe4 Bc8 26. Ra5 Nc6 27.
Rc5 Bb7 28. Qc4 Kg7 29. f3 Rd7 30. Re1 Qd8 31. Rxc6 Bxc6 32. Qxc6 Re8 33. Qe4
Qb6 34. b4 Rd2 35. h3 Qa7 36. Kh2 Qa2 37. f4 Kf8 38. fxe5 Re2 39. Qf3+ 1-0

[Event "OLNW 2122 Hamelner SV - HSK Lister Turm"]
[Site "?"]
[Date "2022.05.01"]
[Round "9.3"]
[White "Petkidis, Anthony"]
[Black "van Son, Lutz"]
[Result "1-0"]
[WhiteElo "2416"]
[BlackElo "2178"]
[PlyCount "73"]
[EventDate "2022.??.??"]

1. d4 d5 2. c4 e6 3. Nc3 f5 4. Bf4 Bd6 5. e3 Nf6 6. Nf3 O-O 7. Bd3 b6 8. Bxd6
Qxd6 9. cxd5 Nxd5 10. Nxd5 exd5 11. Rc1 c5 12. dxc5 bxc5 13. Qc2 c4 14. Be2 Be6
15. O-O Nd7 16. Rfd1 Qb6 17. Nd4 Rac8 18. b3 Ne5 19. bxc4 dxc4 20. Nxe6 Qxe6
21. Qc3 f4 22. exf4 Rxf4 23. Bf1 Ng4 24. Rc2 Kh8 25. h3 Nf6 26. Rcd2 h6 27.
Rd8+ Rxd8 28. Rxd8+ Kh7 29. Qc2+ g6 30. g3 Re4 31. Qb2 Qe7 32. Rb8 Qd6 33. Qb7+
Re7 34. Qc8 Re8 35. Rb7+ Re7 36. Qf8 Nd5 37. Rb8 1-0

[Event "OLNW 2122 Hamelner SV - HSK Lister Turm"]
[Site "?"]
[Date "2022.05.01"]
[Round "9.4"]
[White "Koch, Yannick"]
[Black "Hampel, Felix"]
[Result "0-1"]
[WhiteElo "2087"]
[BlackElo "2306"]
[PlyCount "64"]
[EventDate "2022.??.??"]

1. d4 d5 2. c4 c6 3. Nf3 Nf6 4. Nc3 dxc4 5. a4 Bf5 6. e3 e6 7. Bxc4 Bb4 8. O-O
Nbd7 9. Qe2 Bg6 10. e4 O-O 11. e5 Nd5 12. Nxd5 cxd5 13. Bd3 Bxd3 14. Qxd3 h6
15. Ne1 Rc8 16. f4 f5 17. Qb3 Qb6 18. Nf3 Rc4 19. Be3 Rfc8 20. Qd3 Rc2 21. Rf2
Qc6 22. Qxc2 Qxc2 23. Rxc2 Rxc2 24. Rb1 Kf7 25. Rc1 Rxb2 26. Rc7 Ke7 27. Rc8
Rb3 28. Kf2 Rc3 29. Rg8 Rc2+ 30. Kf1 Kf7 31. Rd8 Nb6 32. Nh4 Be7 0-1

[Event "OLNW 2122 Hamelner SV - HSK Lister Turm"]
[Site "?"]
[Date "2022.05.01"]
[Round "9.5"]
[White "Voege, Tobias"]
[Black "Schmidt, Dennis"]
[Result "1-0"]
[WhiteElo "2286"]
[BlackElo "2078"]
[PlyCount "71"]
[EventDate "2022.??.??"]

1. d4 Nf6 2. c4 g6 3. Nc3 d5 4. cxd5 Nxd5 5. e4 Nxc3 6. bxc3 Bg7 7. Bc4 c5 8.
Ne2 Nc6 9. Be3 O-O 10. O-O Qc7 11. Rc1 Rd8 12. f4 e6 13. Qe1 Na5 14. Bd3 f5 15.
Kh1 Bd7 16. dxc5 Bc6 17. Nd4 Qe7 18. Bg1 Rd7 19. Rc2 Rad8 20. Re2 Qf7 21. Qb1
fxe4 22. Bxe4 Bd5 23. Bxd5 exd5 24. f5 Nc6 25. Nxc6 bxc6 26. Bd4 Rb7 27. fxg6
hxg6 28. Qe1 Qc7 29. Re6 Bxd4 30. cxd4 Qg7 31. Rxc6 Rdb8 32. Rc8+ Rxc8 33. Qe6+
Rf7 34. Qxc8+ Kh7 35. Qh3+ Kg8 36. Qe6 1-0

[Event "OLNW 2122 Hamelner SV - HSK Lister Turm"]
[Site "?"]
[Date "2022.05.01"]
[Round "9.6"]
[White "Jacobi, Felix-Hagen"]
[Black "Buchenau, Frank"]
[Result "0-1"]
[WhiteElo "2123"]
[BlackElo "2269"]
[PlyCount "100"]
[EventDate "2022.??.??"]

1. e4 c5 2. f4 d5 3. exd5 Nf6 4. Bb5+ Bd7 5. Bxd7+ Qxd7 6. c4 e6 7. dxe6 fxe6
8. Ne2 Nc6 9. b3 Nb4 10. O-O Nd3 11. Qc2 O-O-O 12. Ba3 g6 13. Nbc3 Bg7 14. Rad1
Rhe8 15. Na4 Ng4 16. g3 Bd4+ 17. Kg2 Ngf2 18. Nxd4 Qxd4 19. Nxc5 Nxd1 20. Qxd3
Qxd3 21. Nxd3 Rxd3 22. Rxd1 e5 23. fxe5 Rxe5 24. Kf2 Ra5 25. Ke2 Rd7 26. Bb4
Re5+ 27. Kf2 Rf7+ 28. Kg1 Re2 29. Bc5 Rd7 30. Bb4 Rf7 31. Bc5 b6 32. Be3 Rf5
33. a4 Kd7 34. b4 g5 35. b5 g4 36. a5 Rh5 37. Bf2 Rf5 38. Be3 Rh5 39. Bf2 bxa5
40. Ra1 Rxd2 41. Rxa5 Rc2 42. Rxa7+ Ke6 43. Ra6+ Ke5 44. c5 Rf5 45. Be3 Ke4 46.
Re6+ Kf3 47. Kh1 Re2 48. b6 Re1+ 49. Bg1 Rxe6 50. b7 Rf8 0-1

[Event "OLNW 2122 Hamelner SV - HSK Lister Turm"]
[Site "?"]
[Date "2022.05.01"]
[Round "9.7"]
[White "Gentemann, Moritz"]
[Black "Wehrmann, Henning"]
[Result "1-0"]
[WhiteElo "2179"]
[BlackElo "1897"]
[PlyCount "69"]
[EventDate "2022.??.??"]

1. d4 g6 2. c4 Bg7 3. e4 d6 4. Nc3 Nc6 5. Be3 e5 6. Nge2 Nh6 7. d5 Ne7 8. f3 f5
9. Qd2 Nf7 10. Nc1 fxe4 11. fxe4 Ng8 12. Nd3 Bd7 13. Be2 Bh6 14. O-O Bxe3+ 15.
Qxe3 Ngh6 16. Qg3 O-O 17. h4 Kh8 18. Rf2 g5 19. hxg5 Rg8 20. Qh4 Rxg5 21. Kh1
Bg4 22. Bxg4 Rxg4 23. Qxd8+ Rxd8 24. Raf1 Ng5 25. Rf8+ Rxf8 26. Rxf8+ Kg7 27.
Rc8 Nxe4 28. Rxc7+ Kg6 29. Ne2 Nf5 30. Kh2 Ne3 31. g3 h5 32. c5 h4 33. cxd6
hxg3+ 34. Kg1 Rf4 35. Nexf4+ 1-0

[Event "OLNW 2122 Hamelner SV - HSK Lister Turm"]
[Site "?"]
[Date "2022.05.01"]
[Round "9.8"]
[White "Kaiser, Gerhard"]
[Black "Sreyas Payyappat"]
[Result "1/2-1/2"]
[WhiteElo "2110"]
[BlackElo "2168"]
[PlyCount "197"]
[EventDate "2022.??.??"]

1. e4 c6 2. d4 d5 3. Nc3 dxe4 4. Nxe4 Nf6 5. Nxf6+ exf6 6. c3 Bd6 7. Bd3 O-O 8.
Qc2 Re8+ 9. Ne2 h5 10. Be3 Nd7 11. O-O-O Nf8 12. Kb1 Be6 13. Nf4 Bxf4 14. Bxf4
b5 15. Be4 Qd7 16. h4 Bxa2+ 17. Kxa2 Qe6+ 18. d5 Qxe4 19. Qxe4 Rxe4 20. Be3 b4
21. dxc6 bxc3 22. Rc1 cxb2 23. Kxb2 Rb8+ 24. Kc3 Re6 25. Kd3 Rd8+ 26. Ke2 Rc8
27. Rhd1 Re7 28. Kf1 Ne6 29. Rd7 Kf8 30. Rxa7 Rxa7 31. Bxa7 Ke7 32. Bc5+ Nxc5
33. Rxc5 g6 34. Rc3 Kd6 35. Rd3+ Kxc6 36. g3 Ra8 37. Ke2 Ra5 38. Rf3 Re5+ 39.
Kf1 Re6 40. Rc3+ Kd6 41. Rd3+ Ke7 42. f4 Re4 43. Kf2 g5 44. Kf3 Ra4 45. fxg5
fxg5 46. hxg5 Rg4 47. Rd5 Kf8 48. Ra5 Kg8 49. Rb5 Kh7 50. Rf5 Kg7 51. Kf2 Ra4
52. Kf3 Ra6 53. Rb5 Kg6 54. Kg2 Ra4 55. Kf3 Rg4 56. Rb6+ Kxg5 57. Rb5+ Kg6 58.
Rb6+ Kg7 59. Rb5 Kh6 60. Rb6+ Rg6 61. Rb5 Rf6+ 62. Kg2 Kg6 63. Ra5 Rf5 64. Ra6+
Kg5 65. Ra4 Re5 66. Kf3 Rb5 67. Ra3 Rc5 68. Rb3 Ra5 69. Rc3 Ra1 70. Rb3 Rf1+
71. Kg2 Rf5 72. Ra3 Re5 73. Kf3 f6 74. Rb3 Ra5 75. Rc3 Ra4 76. Rc5+ f5 77. Rc3
h4 78. gxh4+ Rxh4 79. Kf2 Ra4 80. Rb3 Kg4 81. Rc3 Ra2+ 82. Kf1 Rb2 83. Ra3 f4
84. Rc3 Rh2 85. Ra3 Rh8 86. Kf2 Rb8 87. Rc3 Rb4 88. Ra3 Rb2+ 89. Kf1 Kf5 90.
Rc3 Ke4 91. Ra3 Kd4 92. Rh3 Rd2 93. Ra3 Ke4 94. Rb3 Rd3 95. Rxd3 Kxd3 96. Kf2
Ke4 97. Ke2 f3+ 98. Kf2 Kf4 99. Kf1 1/2-1/2

[Event "OLNW 2122 SV Hellern - SV Werder Bremen"]
[Site "?"]
[Date "2022.05.01"]
[Round "9.1"]
[White "Lichmann, Peter"]
[Black "Hoffmann, Alexander"]
[Result "0-1"]
[WhiteElo "2333"]
[BlackElo "2404"]
[PlyCount "104"]
[EventDate "2022.??.??"]

1. e4 c5 2. Nf3 Nc6 3. g3 g6 4. Bg2 Nf6 5. Nc3 Bg7 6. O-O O-O 7. d3 d6 8. h3 h6
9. Be3 e5 10. Qd2 Kh7 11. Kh2 Be6 12. Ng1 Nh5 13. Nge2 Nd4 14. g4 Nf6 15. g5
Ng8 16. f4 exf4 17. Bxf4 Be5 18. gxh6 Nxh6 19. Kh1 Qh4 20. Nxd4 cxd4 21. Nd5
Bxh3 22. Bxh3 Qxh3+ 23. Qh2 Qxh2+ 24. Bxh2 Ng4 25. Bxe5 dxe5 26. c3 Kg7 27. Kg2
dxc3 28. bxc3 f5 29. Kg3 Rad8 30. c4 Nf6 31. Rab1 b6 32. exf5 Nxd5 33. cxd5
Rxd5 34. Kg4 Rxd3 35. Rb5 e4 36. Re5 Rf3 37. Re7+ Rf7 38. Rxf7+ Kxf7 39. fxg6+
Kxg6 40. Rxf3 exf3 41. Kxf3 Kf5 42. Ke3 Ke5 43. Kd3 Kd5 44. Kc3 Kc5 45. Kb3 Kb5
46. a3 Kc5 47. Kc3 a6 48. Kd3 Kd5 49. Kc3 a5 50. Kb3 Kd4 51. Ka4 Kc3 52. Kb5
Kb3 0-1

[Event "OLNW 2122 SV Hellern - SV Werder Bremen"]
[Site "?"]
[Date "2022.05.01"]
[Round "9.2"]
[White "Gronde, Ingo"]
[Black "Brinkmann, Fabian"]
[Result "1-0"]
[WhiteElo "2256"]
[BlackElo "2145"]
[PlyCount "103"]
[EventDate "2022.??.??"]

1. e4 c6 2. d4 d5 3. e5 Bf5 4. Nf3 e6 5. Be2 Nd7 6. O-O Bg6 7. Nbd2 Nh6 8. Nb3
Nf5 9. a4 Be7 10. a5 a6 11. h3 O-O 12. c4 c5 13. cxd5 exd5 14. dxc5 Nxc5 15. g4
Nh6 16. Nxc5 Bxc5 17. Bxh6 gxh6 18. Qc1 Rc8 19. Qxh6 d4 20. h4 d3 21. Bd1 Qd5
22. h5 Be4 23. Qg5+ Bg6 24. hxg6 fxg6 25. b4 Ba7 26. Rb1 Rxf3 27. Bb3 Rc4 28.
Bxc4 Qxc4 29. Rbc1 Qd5 30. Rc8+ Kg7 31. Rc7+ Kg8 32. Rc8+ Kg7 33. Rc7+ Kg8 34.
Qh4 h6 35. Rc8+ Kg7 36. Rc7+ Kg8 37. Rc8+ Kg7 38. Qe7+ Qf7 39. Qxf7+ Kxf7 40.
Rc7+ Ke6 41. Rxb7 Bd4 42. Kg2 Rf4 43. f3 Be3 44. Rd1 d2 45. b5 axb5 46. Rxb5
Ra4 47. Kf1 h5 48. Ke2 Bf4 49. gxh5 gxh5 50. Rdb1 Bg5 51. Rb6+ Kd5 52. e6 1-0

[Event "OLNW 2122 SV Hellern - SV Werder Bremen"]
[Site "?"]
[Date "2022.05.01"]
[Round "9.3"]
[White "Bach, Matthias"]
[Black "Lehmann, Holger"]
[Result "1-0"]
[WhiteElo "2226"]
[BlackElo "2141"]
[PlyCount "75"]
[EventDate "2022.??.??"]

1. d4 Nf6 2. c4 c5 3. d5 b5 4. a4 b4 5. g3 d6 6. Bg2 g6 7. b3 Bg7 8. Ra2 a5 9.
e4 O-O 10. Re2 Ra7 11. Bf4 Nh5 12. Be3 e6 13. dxe6 Bxe6 14. Rd2 Rd7 15. Ne2 Nc6
16. O-O h6 17. h3 Qc8 18. Rxd6 Rxd6 19. Qxd6 Nd4 20. Bxd4 cxd4 21. Rd1 Bxh3 22.
Nf4 Bxg2 23. Kxg2 Rd8 24. Nd5 Kh7 25. Qc7 Qg4 26. f3 Qg5 27. Nd2 Be5 28. Qxf7+
Bg7 29. Nf1 Rf8 30. Qd7 Nf6 31. Qe7 h5 32. Nxf6+ Rxf6 33. e5 Rf5 34. Qxg5 Rxg5
35. f4 Rf5 36. Rxd4 g5 37. Ne3 Rf8 38. Re4 1-0